Library of the University of Algiers 3
Ibrahim Sultan Cheibout
شعار جامعة الجزائر 3
مكتبة جامعة الجزائر 3
إبراهيم سلطان شيبوط

إدارة الجمارك وإدارة المرافئ / (رقم التسجيلة. 42833)

تفاصيل مارك
000 -LEADER
fixed length control field 01009nam a2200193Ia 4500
003 - CONTROL NUMBER IDENTIFIER
control field Ost
005 - DATE AND TIME OF LATEST TRANSACTION
control field 20260507075108.0
008 - FIXED-LENGTH DATA ELEMENTS--GENERAL INFORMATION
fixed length control field 260507s9999||||xx |||||||||||||| ||und||
040 ## - CATALOGING SOURCE
Transcribing agency fsecg
041 ## - LANGUAGE CODE
Language code of text/sound track or separate title ara
082 ## - DEWEY DECIMAL CLASSIFICATION NUMBER
Classification number 382.7
100 ## - MAIN ENTRY--PERSONAL NAME
Personal name شعبان ، شوقي رامز
Relator term مؤلف
245 #0 - TITLE STATEMENT
Title إدارة الجمارك وإدارة المرافئ /
Statement of responsibility, etc. شوقي رامز شعبان
260 ## - PUBLICATION, DISTRIBUTION, ETC.
Place of publication, distribution, etc. لبنان:
Name of publisher, distributor, etc. الدار الجامعية,
Date of publication, distribution, etc. 2000
300 ## - PHYSICAL DESCRIPTION
Extent 431 صفحة؛
Other physical details إيضاحات ؛
Dimensions 24 سم
520 ## - SUMMARY, ETC.
Summary, etc. تطور مفهوم الجمارك عبر التاريخ و تناول التنظيم الحالي لإدارة الجمارك اللبنانية كما تم التطرق الى المهام المختلفة الملقاةعلى عاتق إدارة الجمارك و تناول موضوع المخالفات الجمركية و إخيرا عرض واقع الجمارك و مقترحات تفعيلها .
653 ## - INDEX TERM--UNCONTROLLED
Uncontrolled term الجمارك - لبنان - إدارة
942 ## - ADDED ENTRY ELEMENTS (KOHA)
Koha item type كتب
المقتنيات
Withdrawn status Lost status Source of classification or shelving scheme Damaged status Not for loan Home library Current library Date acquired Serial enumeration / chronology Inventory number Total checkouts Full call number Barcode Date last seen Price effective from Koha item type
    Dewey Decimal Classification   NOT LOAN / إعارة داخلية مكتبة كلية العلوم الإقتصادية والعلوم التجارية وعلوم التسيير مكتبة كلية العلوم الإقتصادية والعلوم التجارية وعلوم التسيير 07/05/2026 الطابق الأرضي 1483/1   أ/1483ن1 1483/1 07/05/2026 07/05/2026 كتب

موارد الويب المفتوحة


© University of Algiers 3 All Rights Reserved
|
Implemented by LECHELAH Riad